| 000 | 00537nam a2200181Ia 4500 | ||
|---|---|---|---|
| 005 | 20250508155349.0 | ||
| 008 | 008 250505s9999 xx 000 0 hin d | ||
| 037 | _aTextual | ||
| 040 |
_aFEDL _beng _cFEDL |
||
| 041 |
_ahin _2hin |
||
| 084 |
_a891.43, CHA _qFEDL |
||
| 100 |
_aZhari Krishnadev _9766911 |
||
| 245 | 0 | _aChhayawad aur uske char stambh: Prasad, Pant, Nirala aur Mahadevi | |
| 260 |
_aAmbala, India _bSahitya Prakashan _c1958 |
||
| 300 | _a84p | ||
| 942 |
_cTEXL _h891.43, CHA |
||
| 999 |
_c1356297 _d1356297 |
||